00511 2200205 4500001002100000005001700021008004100038020002200079035002400101040001200125082001100137084001500148245001600163260002800179300003100207650002100238850001200259990001700271990001700288INLIS00000000002235220160907112231.0  a978-602-257-664-8 0010-091600000000124 aYOPDYOG a028.55 a028.55 Put aPutri Elisa aSolobTiga Anandac2014 a17 hlm.b: ilus.c; 26 cm. aBuku Cerita Anak aYOPDYOG a3935-KS/B.15 a3936-KS/B.15